00179 2200085 4500001002100000990001800021990001800039990001800057990001800075INLIS000000000000392 a000470.007837 a000470.000933 a000470.000933 a000470.007837